00355nam a2200121Ia 4500008004100000020001500041050002500056245005900081260003300140300001400173650002700187700001900214151021s9999 xx 000 0 und d a9966769005 aPN 6519 .S9A53 2003  a_Muundo Mpya wa Methali za Kiswahili / Arthur Andambi  aNairobi : MvuleAfrica, 2005  av,175 p.  a_Methali za Kiswahili  a_Eliud Murono